Vybrané problémy oceňování nebankovních finančních institucí
Problematika oceňovania konkrétnych nebankových finančných inštitúcií - sporiteľných a úverových družstiev, investičných spoločností, investičných fondov a penzijných fondov.
Uložené v:
| Hlavný autor: | |
|---|---|
| Médium: | Kapitola |
| Jazyk: | Czech |
| Predmet: | |
| Tagy: |
Žiadne tagy, Buďte prvý, kto otaguje tento záznam!
|
MARC
| LEADER | 00000naa$a2200000$$$4500 | ||
|---|---|---|---|
| 001 | 0055441 | ||
| 005 | 20231116103712.0 | ||
| 041 | 0 | |a cze | |
| 044 | |a CZ | ||
| 245 | 1 | 0 | |a Vybrané problémy oceňování nebankovních finančních institucí |c Milan Hrdý |
| 520 | |a Problematika oceňovania konkrétnych nebankových finančných inštitúcií - sporiteľných a úverových družstiev, investičných spoločností, investičných fondov a penzijných fondov. | ||
| 610 | 2 | 0 | |a oceňovanie |
| 610 | 2 | 0 | |a subjekty nebankové |
| 610 | 2 | 0 | |a ohodnocovanie podniku |
| 610 | 2 | 0 | |a hodnota podniku |
| 610 | 2 | 0 | |a sporiteľne |
| 610 | 2 | 0 | |a družstvá úverové |
| 610 | 2 | 0 | |a spoločnosti investičné |
| 610 | 2 | 0 | |a fondy investičné |
| 610 | 2 | 0 | |a fondy penzijné |
| 610 | 2 | 0 | |a Česko |
| 100 | 1 | |a Hrdý, Milan | |